الكافي في فهم علم أمراض الفم / (رقم التسجيلة. 90365)
[ عرض عادي ]
| 000 -LEADER | |
|---|---|
| fixed length control field | 00545nam a22001697a 4500 |
| 005 - DATE AND TIME OF LATEST TRANSACTION | |
| control field | 20251108172849.0 |
| 008 - FIXED-LENGTH DATA ELEMENTS--GENERAL INFORMATION | |
| fixed length control field | 250721s2000 xx 000 0 ara d |
| 082 14 - DEWEY DECIMAL CLASSIFICATION NUMBER | |
| Classification number | 616.31/موم |
| 100 1# - MAIN ENTRY--PERSONAL NAME | |
| Personal name | المومني، نذير طلال |
| 245 10 - TITLE STATEMENT | |
| Title | الكافي في فهم علم أمراض الفم / |
| 264 1# - PRODUCTION, PUBLICATION, DISTRIBUTION, MANUFACTURE, AND COPYRIGHT NOTICE | |
| Place of production, publication, distribution, manufacture | اربد : |
| Name of producer, publisher, distributor, manufacturer | مؤسسة حمادة للدراسات الجامعية و النشر و التوزيع، |
| Date of production, publication, distribution, manufacture, or copyright notice | 2000. |
| 300 ## - PHYSICAL DESCRIPTION | |
| Extent | 408 ص |
| 650 17 - SUBJECT ADDED ENTRY--TOPICAL TERM | |
| Topical term or geographic name as entry element | الطب |
| 650 17 - SUBJECT ADDED ENTRY--TOPICAL TERM | |
| Topical term or geographic name as entry element | أمراض الفم |
| 942 ## - ADDED ENTRY ELEMENTS (KOHA) | |
| Source of classification or shelving scheme | Dewey Decimal Classification |
| Koha item type | كتب |
| حالة السحب | حالة الفقدان | مصدر التصنيف | حالة التلف | غير قابل للإعارة | المكتبة الرئيسية | المكتبة الحالية | موقع الرف | تاريخ التزويد | الرقم المتسلسل | Total Checkouts | رقم الإستدعاء | الباركود | تاريخ آخر ظهور | تاريخ الفاتورة | نوع المادة (كوها) |
|---|---|---|---|---|---|---|---|---|---|---|---|---|---|---|---|
| Dewey Decimal Classification | المكتبة المركزية | المكتبة المركزية | الإعارة | 28/07/2025 | 408356 | 616.31/موم | 408356 | 28/07/2025 | 28/07/2025 | كتب | |||||
| Dewey Decimal Classification | مكتبة أم قصير والمقابلين العامة | مكتبة أم قصير والمقابلين العامة | الإعارة | 11/09/2014 | 408368 | 616.31/موم | PLD00343630 | 28/07/2025 | 11/09/2014 | كتب | |||||
| Dewey Decimal Classification | مكتبة الأميرة ايمان العامة | مكتبة الأميرة ايمان العامة | الإعارة | 20/11/2013 | 408360 | 616.31/موم | PLD00287160 | 28/07/2025 | 20/11/2013 | كتب | |||||
| Dewey Decimal Classification | مكتبة الأميرة سلمى | مكتبة الأميرة سلمى | الإعارة | 17/06/2015 | 1465549 | 616.31/موم | PLD00332048 | 28/07/2025 | 17/06/2015 | كتب | |||||
| Dewey Decimal Classification | مكتبة الجويدة | مكتبة الجويدة | الإعارة | 24/06/2015 | 408364 | 616.31/موم | PLD00333637 | 28/07/2025 | 24/06/2015 | كتب | |||||
| Dewey Decimal Classification | مكتبة الحسن العامة | مكتبة الحسن العامة | الإعارة | 15/10/2018 | 408365 | 616.31/موم | PLD00435729 | 28/07/2025 | 15/10/2018 | كتب | |||||
| Dewey Decimal Classification | مكتبة حمزة العامة | مكتبة حمزة العامة | الإعارة | 26/10/2015 | 408366 | 616.31/موم | PLD00359831 | 28/07/2025 | 26/10/2015 | كتب | |||||
| Dewey Decimal Classification | مكتبة صويلح العامة | مكتبة صويلح العامة | الإعارة | 12/06/2019 | 408361 | 616.31/موم | PLD00453908 | 28/07/2025 | 12/06/2019 | كتب |